000 00872nam a2200229Ia 4500
003 GCL
008 140319s9999 xx 000 0 ara d
020 _a8232172977
040 _aGCL /
_cGCL
082 0 4 _a230.9
_bا س
100 1 _aاحمد عمر هاشم
245 1 0 _aالسنة النبوية وعلومها :
_bدراسة تحليلية للسنة النبوية وعلومها فى اعظم عصور التدوين ودفاع عن السنة ورد لشبهات المستشرقين واعداء الاسلام /
_cاحمد عمر هاشم
250 _aالثانية
260 _aالقاهرة :
_bمكتبة غريب ،
_c1989
300 _a445 ص ؛
_c24 سم
490 _a
650 0 4 _aالاسلام
650 0 4 _aالسيرة النبوية
650 0 4 _aالفقه الاسلامى
650 0 4 _aالحديث، علوم
942 _2ddc
_cBK
999 _c40829
_d40829